| 000 | 01407nam a22002897a 4500 | ||
|---|---|---|---|
| 005 | 20260601093718.0 | ||
| 008 | 260601t2000 |||||||| |||| 00| 0 eng d | ||
| 020 | _a9780804737678 | ||
| 040 |
_aCO-BoUCM _bspa _cStefania Borbon _dStefania Borbon |
||
| 041 | _aspa | ||
| 100 |
_aBadie, Bertrand _929671 |
||
| 245 | 1 | 0 |
_aThe Imported State : _bthe Westernization of the Political Order / _cBertrand Badie ; traducción por Claudia Royal |
| 260 |
_aCalifornia : _bStanford University Press, _c2000 |
||
| 300 | _a278 páginas | ||
| 490 | _aMestizo Spaces = Espaces Métissés | ||
| 504 | _aIncluye referencias bibliográficas | ||
| 520 | _aTraces the rise of the modern state as a mode of organizing political power within a closed territory in post-Enlightenment Europe and its subsequent exportation to the rest of the world, showing how various logics of importation led non-Western cultures to invent their own practices of the state. | ||
| 650 | 4 |
_aPaíses en desarrollo _xPolítica y gobierno _9189535 |
|
| 650 | 4 |
_aCiencia política _xHistoria _939731 |
|
| 650 | 4 |
_aDependencia política _9189536 |
|
| 650 | 4 |
_aRelaciones internacionales _98042 |
|
| 650 | 4 |
_aPaíses en desarrollo _xPolítica y gobierno _9189535 |
|
| 700 | 1 |
_aRoyal, Claudia _etraductor _9189537 |
|
| 710 | 2 |
_aMudimbe, V. Y. _eeditor _9189538 |
|
| 942 |
_2DEWEY _a6 _cLIBRO _e1 _h320.3 _mB136i |
||
| 999 |
_c326463 _d326463 |
||